Lessons, an autobiography

Bibliographic Details
Main Authors: Wang, An , 1920-1990 (Author), Linden, Eugene (Author)
Format: Book
Published: Reading, MA : Addison-Wesley , 1986
Subjects:

MARC

LEADER 00000cam a2200000 7i4500
001 0000004885
005 20230321093000.0
008 021118s1986
020 |a 0201094029 
090 0 0 |a HD9696.C62   |b A23 
100 0 |a Wang, An ,   |d 1920-1990 ,   |e author 
245 1 0 |a Lessons, an autobiography   |c An Wang with Eugene Linden 
260 2 |a Reading, MA :   |b Addison-Wesley ,   |c 1986 
300 |a 248 p. ;   |c 24 cm. 
504 |a Includes index 
610 2 0 |a Wang Laboratories, Inc.   |x History 
650 0 |a Computer industry   |z United States 
650 0 |a Industrialists   |z United States   |v Biography 
700 1 |a Linden, Eugene ,   |e author 
999 |a 1000012063   |b Book   |c OPEN SHELF (30 DAYS)   |e Gong Badak Campus